Statistics for Airport Codes

Click here to take the quiz!

General Stats

  • This quiz has been taken 625 times
  • The average score is 37 of 75

Answer Stats

HintAnswer% Correct
IstanbulIST
93%
SingaporeSIN
89%
ParisCDG
88%
New YorkJFK
86%
London HeathrowLHR
86%
MadridMAD
86%
AthensATH
83%
BangkokBKK
83%
DohaDOH
83%
Los AngelesLAX
83%
SydneySYD
83%
AmsterdamAMS
82%
Las VegasLAS
81%
DubaiDXB
80%
LisbonLIS
80%
BrusselsBRU
78%
Hong KongHKG
77%
Kuala LumpurKUL
77%
DelhiDEL
76%
AmmanAMM
75%
BarcelonaBCN
75%
PraguePRG
75%
Miami AreaMIA
74%
ViennaVIE
74%
WarsawWAW
74%
PerthPER
73%
Tokyo NaritaNRT
70%
CancunCUN
69%
BahrainBAH
65%
RomeFCO
65%
MunichMUC
64%
AucklandAKL
59%
GenevaGVA
56%
MilanMXP
56%
OrlandoMCO
55%
GuangzhouCAN
51%
MuscatMUS
50%
PenangPEN
50%
PenangPEN
50%
BerlinTXL
50%
Metro ManilaMNL
49%
VeniceVCE
48%
HyderabadHYD
47%
Abu DhabiAUH
41%
BrisbaneBNE
39%
ColomboCMB
38%
ShanghaiPVG
36%
ChristchurchCHC
35%
BaliDPS
35%
KuwaitKWI
32%
DarwinDRW
31%
PhuketHKT
30%
MaldivesMLE
28%
WellingtonWLG
28%
CairnsCNS
27%
JakartaCGK
25%
MauritiusMRU
20%
ChennaiMAA
19%
Punta CanaPUJ
19%
BelgradoBEG
17%
GoaGOI
17%
Kedah/LangkawiLGK
17%
MarrakechRAK
17%
QueenstownZQN
16%
BeijingBJS
15%
SeychellesSEZ
14%
MadeiraFNC
12%
Puerto PlataPOP
12%
Osaka JapanITM
11%
Chiang MaiCNX
9%
KrabiKBV
9%
Koh SumaiUSM
9%
EgyptSSH
5%
PattayaPYX
4%
Koh Chang & Koh KoodTDX
1%

Score Distribution

Percentile by Number Answered

Percent of People with Each Score

Your Score History

You have not taken this quiz